• 首页
  • 本馆介绍
  • 公告通知
  • 最新文献
  • 馆藏检索
  • 电子资源
  • 读者导购
  • 参考咨询
  • 我的图书馆
  • 登录
  • 详细信息显示
  • 放入我的书架
  • 预约/预借图书
  • 作者相关作品
  • 分类相关作品
  • 丛书相关作品
  • 出版社相关作品

书目信息

  • 表格格式
  • 工作单格式
  • 卡片格式
题名:
小农具用钢
    
 
作者: ;《小农具用钢》编写组 编
分册:  
出版信息: 北京   冶金工业出版社  1975
页数: 190页
开本: 19cm
丛书名:
单 册:
中图分类: TF763
科图分类:
主题词: 工具钢-炼钢--文集 , 炼钢-工具钢--文集
电子资源:
ISBN:
000 00687nam0 2200229 45
001 0175003968
005 20060508162703.14
010    @dCNY0.51
100    @a19951013d1975 em y0chiy0121 ea
101 0  @achi
102    @aCN@b110000
105    @ay z 000yy
200 10 @a小农具用钢@Axiao nong ju yong gang@f《小农具用钢》编写组编@F《xiao nong ju yong gang》bian xie zu bian
210    @a北京@c冶金工业出版社@d1975
215    @a190页@d19cm
606    @a工具钢-炼钢@x文集
606    @a炼钢-工具钢@x文集
690    @aTF763@v3
711  0 @a《小农具用钢》编写组@A《xiao nong ju yong gang》bian xie zu@4编
801  2 @aCN@bNLC@c20060508
801  0 @aCN@bTSSF
905    @a10447@dTF763@e1
    
    小农具用钢/《小农具用钢》编写组编.-北京:冶金工业出版社,1975
    190页;19cm
    
    
    ISBN :CNY0.51
    
●
相关链接 在E读中查询图书 在五车中查询图书 在当当中查询图书 在豆瓣中查询图书


正题名:小农具用钢     索取号:TF763/1         预约/预借

序号 登录号 条形码 馆藏地/架位号 状态 备注
1 0013437   202314600   密集书库/ [索取号:TF763/1] 在馆    
唐山师范学院图书馆 欢迎您!
大连网信软件有限公司© 版权所有